[Event "Madrid ch Sub-14 2021"]
[Site "Madrid ESP"]
[Date "2021.04.17"]
[Round "1.1"]
[White "Serrano Ruiz, Miguel"]
[Black "Fernandez Rosado, Roberto"]
[Result "1/2-1/2"]
[WhiteElo "1702"]
[BlackElo "2074"]
[PlyCount "119"]
[EventDate "2021.04.17"]
[EventType "swiss"]
[EventRounds "5"]
[EventCountry "ESP"]
[SourceTitle "Ajedrez en Madrid"]
[Source "lmi"]
[SourceDate "2021.04.17"]
[SourceVersion "1"]
[SourceVersionDate "2021.04.29"]
[SourceQuality "1"]

1. d4 d5 2. c4 e6 3. Nc3 Nf6 4. cxd5 exd5 5. Bg5 Be7 6. e3 c6 7. Bd3 Be6 8. Nf3
Nbd7 9. O-O h6 10. Bh4 O-O 11. Qc2 Re8 12. Rab1 Bg4 13. Nd2 Bh5 14. b4 Rc8 15.
Bg3 Nf8 16. Rfc1 Bg6 17. a4 Bd6 18. Nf3 Bxd3 19. Qxd3 Ne4 20. Qe2 f5 21. Bxd6
Qxd6 22. Ne5 Nd7 23. Nxe4 dxe4 24. Nxd7 Qxd7 25. h3 Kh8 26. Rd1 Qd6 27. b5 b6
28. bxc6 Rxc6 29. Qb5 Rf8 30. Qa6 f4 31. Rf1 f3 32. g3 Qd7 33. Kh2 h5 34. Rfc1
Rxc1 35. Rxc1 h4 36. g4 Qd6+ 37. Kg1 Qa3 38. Rc8 Qa1+ 39. Kh2 Qa3 40. Rxf8+
Qxf8 41. Qc4 Qd6+ 42. Kg1 Kh7 43. Qf7 a5 44. Kf1 Qc6 45. Kg1 Qd6 46. Kf1 Qc6
47. Kg1 Qc1+ 48. Kh2 Qc6 49. Kg1 Qf6 50. Qh5+ Qh6 51. Qd5 Qg6 52. Qe5 Kg8 53.
Qd5+ Kf8 54. Qc4 Qd6 55. d5 Qb4 56. Qc8+ Ke7 57. Qc7+ Ke8 58. Qc8+ Kf7 59. Qe6+
Kf8 60. Qc8+ 1/2-1/2

[Event "Madrid ch Sub-14 2021"]
[Site "Madrid ESP"]
[Date "2021.04.17"]
[Round "1.2"]
[White "Centeno Mendoza, Julio Stefano"]
[Black "Martinez Garcia, Ruben"]
[Result "1-0"]
[WhiteElo "2064"]
[BlackElo "1651"]
[PlyCount "117"]
[EventDate "2021.04.17"]
[EventType "swiss"]
[EventRounds "5"]
[EventCountry "ESP"]
[SourceTitle "Ajedrez en Madrid"]
[Source "lmi"]
[SourceDate "2021.04.17"]
[SourceVersion "1"]
[SourceVersionDate "2021.04.29"]
[SourceQuality "1"]

1. e4 c5 2. d4 cxd4 3. c3 dxc3 4. Nxc3 e6 5. Bc4 Nc6 6. Nf3 a6 7. O-O b5 8. Bb3
Bb7 9. a4 b4 10. Nd5 Na5 11. Bg5 Be7 12. Nxe7 Nxe7 13. Bc2 f6 14. Bd2 Nac6 15.
Be3 O-O 16. Qe2 d5 17. Rfd1 Qc7 18. Bc5 Rfe8 19. Rac1 Rad8 20. exd5 Nxd5 21.
Bb3 Qb8 22. g3 Kh8 23. Bc2 Ne5 24. Nd4 f5 25. Bb3 a5 26. Re1 Ng6 27. Nxe6 Nc7
28. Nxd8 Rxe2 29. Nf7+ Kg8 30. Rxe2 Bd5 31. Bxd5 Nxd5 32. Nd6 Nde7 33. Nb5 Qb7
34. Bxe7 Nxe7 35. Nd6 Qd7 36. Rxe7 Qxe7 37. Rc8+ Qf8 38. Rxf8+ Kxf8 39. b3 Ke7
40. Nb7 Ke6 41. Nxa5 Kd5 42. Nc4 g5 43. Ne3+ Kd4 44. Nxf5+ Kc3 45. a5 Kxb3 46.
a6 Kc3 47. a7 b3 48. a8=Q b2 49. Qa3+ Kc2 50. Nd4+ Kc1 51. Ne2+ Kc2 52. Qc3+
Kb1 53. Nd4 Ka2 54. Qb3+ Ka1 55. Nc2+ Kb1 56. Na3+ Ka1 57. Qc2 Ka2 58. Nc4 Ka1
59. Qxb2# 1-0

[Event "Madrid ch Sub-14 2021"]
[Site "Madrid ESP"]
[Date "2021.04.17"]
[Round "1.3"]
[White "Ruiz Vazquez, Javier"]
[Black "Bravo De La Vega, Alvaro"]
[Result "0-1"]
[WhiteElo "1590"]
[BlackElo "2011"]
[PlyCount "120"]
[EventDate "2021.04.17"]
[EventType "swiss"]
[EventRounds "5"]
[EventCountry "ESP"]
[SourceTitle "Ajedrez en Madrid"]
[Source "lmi"]
[SourceDate "2021.04.17"]
[SourceVersion "1"]
[SourceVersionDate "2021.04.29"]
[SourceQuality "1"]

1. e4 c5 2. Nf3 Nc6 3. d4 cxd4 4. Nxd4 e5 5. Nb3 Nf6 6. Nc3 Bb4 7. Bd2 Bxc3 8.
Bxc3 Nxe4 9. Qg4 Ng5 10. f4 exf4 11. O-O-O O-O 12. h4 Ne6 13. Bd3 Qe7 14. Qh5
h6 15. Qf5 g6 16. Qg4 h5 17. Qf3 Nb4 18. Bc4 Nxa2+ 19. Kb1 Nxc3+ 20. Qxc3 d6
21. Qd3 Rd8 22. Bd5 Qf6 23. g4 fxg3 24. Rdf1 Qe5 25. Re1 Qg7 26. Qxg3 a5 27.
Re4 a4 28. Nd4 Nxd4 29. Qg5 Be6 30. Rxd4 Qxd4 31. Bxe6 Qg7 32. Bd5 a3 33. c3
axb2 34. Kxb2 Rdc8 35. Qg3 Ra5 36. Bb3 Rac5 37. Rc1 b5 38. Qf3 b4 39. Rf1 Rf5
40. Bxf7+ Rxf7 41. Qd5 Qxc3+ 42. Kb1 Qc4 43. Rd1 Qxd5 44. Rxd5 Kg7 45. Rxd6 Re8
46. Rd1 Re2 47. Rc1 b3 48. Rd1 Kh6 49. Rg1 b2 50. Ka2 Ra7+ 51. Kb3 b1=Q+ 52.
Rxb1 Rb7+ 53. Kc4 Rxb1 54. Kd3 Ra2 55. Kc3 Rf1 56. Kd3 Rf3+ 57. Ke4 Rb3 58. Kd4
Ra4+ 59. Kc5 Rf3 60. Kb5 Re4 0-1

[Event "Madrid ch Sub-14 2021"]
[Site "Madrid ESP"]
[Date "2021.04.17"]
[Round "1.4"]
[White "Calvo Gonzalez, Jose Felix"]
[Black "Lopez Herrero, Israel"]
[Result "1-0"]
[WhiteElo "1884"]
[BlackElo "1540"]
[PlyCount "77"]
[EventDate "2021.04.17"]
[EventType "swiss"]
[EventRounds "5"]
[EventCountry "ESP"]
[SourceTitle "Ajedrez en Madrid"]
[Source "lmi"]
[SourceDate "2021.04.17"]
[SourceVersion "1"]
[SourceVersionDate "2021.04.29"]
[SourceQuality "1"]

1. e4 c5 2. Nf3 d6 3. d4 cxd4 4. Nxd4 Nf6 5. Nc3 a6 6. Bc4 e5 7. Nf3 Be7 8. O-O
h6 9. Be3 O-O 10. Qe2 Be6 11. Rad1 Bxc4 12. Qxc4 Nbd7 13. Nh4 Qc8 14. Qxc8
Raxc8 15. Nf5 Rfe8 16. Nxe7+ Rxe7 17. Rxd6 Ng4 18. Nd5 Ree8 19. Rxd7 Rxc2 20.
Rxb7 Re6 21. h3 Nxe3 22. Nxe3 Re2 23. Rd1 Rf6 24. Ng4 Rf4 25. f3 f5 26. Nxe5
fxe4 27. Rd8+ Rf8 28. Rxf8+ Kxf8 29. fxe4 Rxe4 30. Nf3 Re6 31. Kf2 g5 32. Rb3
Kg8 33. Re3 Rc6 34. Re2 Kf7 35. b3 Rd6 36. Rb2 Ke8 37. b4 Rc6 38. a4 Kd7 39.
Ne5+ 1-0

[Event "Madrid ch Sub-14 2021"]
[Site "Madrid ESP"]
[Date "2021.04.17"]
[Round "1.5"]
[White "Reyero Castro, Jorge"]
[Black "Torres Rebolledo, Victor"]
[Result "0-1"]
[WhiteElo "1520"]
[BlackElo "1862"]
[PlyCount "74"]
[EventDate "2021.04.17"]
[EventType "swiss"]
[EventRounds "5"]
[EventCountry "ESP"]
[SourceTitle "Ajedrez en Madrid"]
[Source "lmi"]
[SourceDate "2021.04.17"]
[SourceVersion "1"]
[SourceVersionDate "2021.04.29"]
[SourceQuality "1"]

1. e4 c6 2. d4 d5 3. exd5 cxd5 4. Bd3 Nc6 5. Be3 Nf6 6. Nf3 Bg4 7. Nbd2 e6 8.
c3 Bd6 9. Qc2 a6 10. h3 Bh5 11. g4 Bg6 12. Bxg6 hxg6 13. Ng5 Nxg4 14. Ndf3 Nxe3
15. fxe3 Bg3+ 16. Ke2 Qe7 17. Rhg1 Bc7 18. Raf1 f5 19. h4 O-O-O 20. Nh3 Rh6 21.
Rg5 Qf6 22. Rfg1 e5 23. h5 Rxh5 24. Rxg6 Qf8 25. Nhg5 e4 26. Nd2 Rh2+ 27. Ke1
Qh8 28. Ne6 Qh5 29. R6g2 Bg3+ 30. Kf1 Rxg2 31. Rxg2 Qh1+ 32. Rg1 Qh3+ 33. Rg2
Rh8 34. Nf4 Bxf4 35. exf4 Qe3 36. Rg1 Rh2 37. Nc4 Qf3+ 0-1

[Event "Madrid ch Sub-14 2021"]
[Site "Madrid ESP"]
[Date "2021.04.17"]
[Round "1.6"]
[White "Cuadrado Carmona, Javier"]
[Black "Jolani, Parnian"]
[Result "1-0"]
[WhiteElo "1806"]
[BlackElo "1394"]
[PlyCount "117"]
[EventDate "2021.04.17"]
[EventType "swiss"]
[EventRounds "5"]
[EventCountry "ESP"]
[SourceTitle "Ajedrez en Madrid"]
[Source "lmi"]
[SourceDate "2021.04.17"]
[SourceVersion "1"]
[SourceVersionDate "2021.04.29"]
[SourceQuality "1"]

1. e4 e6 2. d4 d5 3. e5 c5 4. c3 Nc6 5. Nf3 Qb6 6. a3 Bd7 7. b4 cxd4 8. cxd4
Nge7 9. Be2 Nf5 10. Bb2 Rc8 11. O-O Be7 12. g4 Nh4 13. Nxh4 Bxh4 14. f4 Be7 15.
Kg2 g6 16. Qd3 Na5 17. Nd2 Ba4 18. Rfc1 O-O 19. Qg3 Bd7 20. Bc3 Nc6 21. Nb3 a6
22. Nc5 Bxc5 23. bxc5 Qc7 24. Rab1 f6 25. Rb6 Ne7 26. Ba5 Nc6 27. Bc3 Ne7 28.
Rd6 Rcd8 29. Qe1 Nc6 30. exf6 Rxf6 31. Qd2 Rdf8 32. Rf1 R6f7 33. Bd3 Qd8 34.
Kg3 Rg7 35. h4 Rgf7 36. Be2 Rg7 37. Rb1 Qc7 38. Qb2 Bc8 39. g5 Rgf7 40. Bd2 Re8
41. Bg4 Rfe7 42. Re1 Kf7 43. Bc3 Bd7 44. h5 Rh8 45. Rh1 gxh5 46. Rxh5 Be8 47.
Qh2 Kg7 48. Rh6 Bg6 49. Bh5 Bf5 50. Rf6 Rf8 51. Qh4 Qc8 52. Bg4 Bg6 53. Qh6+
Kg8 54. Rdxe6 Qe8 55. Rxg6+ Kh8 56. Rgf6 Rg8 57. Bf5 Rgg7 58. Rxe7 Nxe7 59.
Bxh7 1-0

[Event "Madrid ch Sub-14 2021"]
[Site "Madrid ESP"]
[Date "2021.04.17"]
[Round "1.7"]
[White "Villarragut Vazquez, Inaki"]
[Black "Horcajuelo Rocamora, Martin"]
[Result "0-1"]
[WhiteElo "1207"]
[BlackElo "1780"]
[PlyCount "80"]
[EventDate "2021.04.17"]
[EventType "swiss"]
[EventRounds "5"]
[EventCountry "ESP"]
[SourceTitle "Ajedrez en Madrid"]
[Source "lmi"]
[SourceDate "2021.04.17"]
[SourceVersion "1"]
[SourceVersionDate "2021.04.29"]
[SourceQuality "1"]

1. e4 c5 2. Nf3 d6 3. d4 cxd4 4. Nxd4 Nf6 5. Nc3 a6 6. f3 e6 7. Bg5 Nbd7 8. Qd2
Be7 9. O-O-O Qc7 10. g4 b5 11. Kb1 Bb7 12. h4 Nc5 13. Bxf6 gxf6 14. Nb3 O-O-O
15. Qe3 Nxb3 16. cxb3 Qc5 17. Qd4 Qxd4 18. Rxd4 Bf8 19. Be2 Bh6 20. a4 e5 21.
Rd3 b4 22. Nd5 a5 23. Nb6+ Kc7 24. Nc4 d5 25. exd5 Bxd5 26. Nxa5 e4 27. Rd4
exf3 28. Bc4 Ba8 29. Rhd1 Rxd4 30. Rxd4 Be3 31. Rd1 f2 32. Bf1 Bf3 33. Rd3 Be4
34. Nc4 Bxd3+ 35. Bxd3 Rd8 36. Be2 Rd1+ 37. Kc2 Rc1+ 38. Kd3 Bh6 39. Nd2 Bxd2
40. Kxd2 f1=Q 0-1

[Event "Madrid ch Sub-14 2021"]
[Site "Madrid ESP"]
[Date "2021.04.17"]
[Round "2.1"]
[White "Torres Rebolledo, Victor"]
[Black "Centeno Mendoza, Julio Stefano"]
[Result "1-0"]
[WhiteElo "1862"]
[BlackElo "2064"]
[PlyCount "85"]
[EventDate "2021.04.17"]
[EventType "swiss"]
[EventRounds "5"]
[EventCountry "ESP"]
[SourceTitle "Ajedrez en Madrid"]
[Source "lmi"]
[SourceDate "2021.04.17"]
[SourceVersion "1"]
[SourceVersionDate "2021.04.29"]
[SourceQuality "1"]

1. d4 g6 2. c4 Nf6 3. Nc3 d5 4. cxd5 Nxd5 5. e4 Nxc3 6. bxc3 Bg7 7. Rb1 c5 8.
Nf3 Qa5 9. Rb5 Qxc3+ 10. Bd2 Qa3 11. Rxc5 Bd7 12. Qc2 O-O 13. Be2 Nc6 14. Rc4
Rac8 15. d5 Nb4 16. Qb3 Qxb3 17. axb3 Nc2+ 18. Kf1 Rxc4 19. Bxc4 Na3 20. Bd3
Bb5 21. Ke2 Bxd3+ 22. Kxd3 Nb5 23. Rc1 Rd8 24. Rc5 Nd6 25. e5 Ne8 26. Kc4 f6
27. e6 b6 28. Rc6 f5 29. Bb4 Bf6 30. Nd4 Bxd4 31. Kxd4 Kf8 32. Ke5 a5 33. Ba3
b5 34. Bc5 a4 35. bxa4 bxa4 36. f3 Ra8 37. Ba3 Rb8 38. Ra6 Rb7 39. Rxa4 Nc7 40.
Bxe7+ Kxe7 41. d6+ Kf8 42. dxc7 Rxc7 43. Kf6 1-0

[Event "Madrid ch Sub-14 2021"]
[Site "Madrid ESP"]
[Date "2021.04.17"]
[Round "2.2"]
[White "Bravo De La Vega, Alvaro"]
[Black "Cuadrado Carmona, Javier"]
[Result "0-1"]
[WhiteElo "2011"]
[BlackElo "1806"]
[PlyCount "86"]
[EventDate "2021.04.17"]
[EventType "swiss"]
[EventRounds "5"]
[EventCountry "ESP"]
[SourceTitle "Ajedrez en Madrid"]
[Source "lmi"]
[SourceDate "2021.04.17"]
[SourceVersion "1"]
[SourceVersionDate "2021.04.29"]
[SourceQuality "1"]

1. e4 e5 2. Nf3 Nc6 3. Bb5 a6 4. Ba4 Nf6 5. O-O Be7 6. Re1 b5 7. Bb3 O-O 8. h3
d6 9. c3 Na5 10. Bc2 c5 11. d4 cxd4 12. cxd4 Qc7 13. Nbd2 Bb7 14. d5 Rac8 15.
Bd3 Nd7 16. Nf1 f5 17. Bg5 Nf6 18. Rc1 Qd7 19. Qd2 Nc4 20. Bxc4 Nxe4 21. Nxe5
dxe5 22. Rxe4 Bxg5 23. Qxg5 fxe4 24. Bb3 Rxc1 25. Qxc1 Bxd5 26. Qd1 Rd8 27. Ne3
Bxb3 28. Qxb3+ Kh8 29. Qc3 Re8 30. Qc2 Qb7 31. Qc5 Rc8 32. Qxe5 Rc1+ 33. Nf1 h6
34. h4 Qc6 35. Qf5 Qc5 36. Qh3 Qc4 37. g3 Qe2 38. h5 e3 39. fxe3 Qxe3+ 40. Kg2
Rc2+ 41. Kh1 Qf3+ 42. Kg1 Qf2+ 43. Kh1 Rc1 0-1

[Event "Madrid ch Sub-14 2021"]
[Site "Madrid ESP"]
[Date "2021.04.17"]
[Round "2.3"]
[White "Horcajuelo Rocamora, Martin"]
[Black "Calvo Gonzalez, Jose Felix"]
[Result "0-1"]
[WhiteElo "1780"]
[BlackElo "1884"]
[PlyCount "44"]
[EventDate "2021.04.17"]
[EventType "swiss"]
[EventRounds "5"]
[EventCountry "ESP"]
[SourceTitle "Ajedrez en Madrid"]
[Source "lmi"]
[SourceDate "2021.04.17"]
[SourceVersion "1"]
[SourceVersionDate "2021.04.29"]
[SourceQuality "1"]

1. d4 Nf6 2. c4 g6 3. Nc3 d5 4. cxd5 Nxd5 5. e4 Nxc3 6. bxc3 Bg7 7. Be3 c5 8.
Rc1 O-O 9. Qd2 Nc6 10. d5 Ne5 11. Bxc5 f5 12. Bd3 Bh6 13. f4 fxe4 14. Be2 Bxf4
15. Be3 Bxe3 16. Qxe3 Qxd5 17. Rd1 Qa5 18. Rd4 Nd3+ 19. Bxd3 Qxc3+ 20. Ke2 Bg4+
21. Nf3 exf3+ 22. Kf2 Qb2+ 0-1

[Event "Madrid ch Sub-14 2021"]
[Site "Madrid ESP"]
[Date "2021.04.17"]
[Round "2.4"]
[White "Fernandez Rosado, Roberto"]
[Black "Garcia Prada, Guillermo"]
[Result "1-0"]
[WhiteElo "2074"]
[BlackElo "1767"]
[PlyCount "63"]
[EventDate "2021.04.17"]
[EventType "swiss"]
[EventRounds "5"]
[EventCountry "ESP"]
[SourceTitle "Ajedrez en Madrid"]
[Source "lmi"]
[SourceDate "2021.04.17"]
[SourceVersion "1"]
[SourceVersionDate "2021.04.29"]
[SourceQuality "1"]

1. e4 c5 2. Nf3 d6 3. g3 Nc6 4. Bg2 g6 5. O-O Bg7 6. c3 Nf6 7. Re1 O-O 8. d4
cxd4 9. Nxd4 Nxd4 10. cxd4 e6 11. Nc3 d5 12. Bg5 dxe4 13. Nxe4 h6 14. Nxf6+
Bxf6 15. Bxh6 Bg7 16. Bxg7 Kxg7 17. Rc1 Qb6 18. b3 Rd8 19. Rc4 Bd7 20. Qa1 Kg8
21. d5 exd5 22. Rh4 d4 23. Rxd4 Be8 24. Rh4 f6 25. Bh3 Rd2 26. Rf4 Rd6 27. Qc1
g5 28. Rfe4 Bd7 29. Bxd7 Rxd7 30. Qc4+ Rf7 31. Re7 Raf8 32. Rxf7 1-0

[Event "Madrid ch Sub-14 2021"]
[Site "Madrid ESP"]
[Date "2021.04.17"]
[Round "2.5"]
[White "Martinez Garcia, Ruben"]
[Black "Serrano Ruiz, Miguel"]
[Result "0-1"]
[WhiteElo "1651"]
[BlackElo "1702"]
[PlyCount "46"]
[EventDate "2021.04.17"]
[EventType "swiss"]
[EventRounds "5"]
[EventCountry "ESP"]
[SourceTitle "Ajedrez en Madrid"]
[Source "lmi"]
[SourceDate "2021.04.17"]
[SourceVersion "1"]
[SourceVersionDate "2021.04.29"]
[SourceQuality "1"]

1. e4 c5 2. b3 e6 3. Bb2 a6 4. Nf3 b5 5. d4 cxd4 6. Nxd4 Bb7 7. Nd2 Nf6 8. e5
Nd5 9. Be2 Be7 10. Bf3 Qc7 11. c4 bxc4 12. bxc4 Nf4 13. O-O O-O 14. Qc2 Nc6 15.
Nxc6 Bxc6 16. Be4 Ng6 17. f4 d6 18. Qc3 dxe5 19. fxe5 Rab8 20. Kh1 Bxe4 21.
Nxe4 Qb7 22. Qh3 Qxe4 23. Rae1 Qxc4 0-1

[Event "Madrid ch Sub-14 2021"]
[Site "Madrid ESP"]
[Date "2021.04.17"]
[Round "2.7"]
[White "Lopez Herrero, Israel"]
[Black "Villarragut Vazquez, Inaki"]
[Result "0-1"]
[WhiteElo "1540"]
[BlackElo "1207"]
[PlyCount "78"]
[EventDate "2021.04.17"]
[EventType "swiss"]
[EventRounds "5"]
[EventCountry "ESP"]
[SourceTitle "Ajedrez en Madrid"]
[Source "lmi"]
[SourceDate "2021.04.17"]
[SourceVersion "1"]
[SourceVersionDate "2021.04.29"]
[SourceQuality "1"]

1. e4 c5 2. Nf3 d6 3. d4 cxd4 4. Nxd4 Nf6 5. Nc3 g6 6. Be3 Bg7 7. f3 O-O 8. Qd2
Nc6 9. O-O-O a6 10. g4 Bd7 11. h4 b5 12. Nxc6 Bxc6 13. h5 Qa5 14. hxg6 fxg6 15.
Bh6 Rf7 16. Kb1 Bh8 17. Bg5 b4 18. Ne2 Rc8 19. Nd4 Bb5 20. Bxb5 axb5 21. e5 Ra8
22. a3 dxe5 23. Ne6 Qb6 24. Bh6 Qxe6 25. Qd8+ Rf8 26. Bxf8 Rxd8 27. Rxd8 Kf7
28. g5 Nh5 29. f4 exf4 30. Rhd1 Qe5 31. c3 Qxg5 32. R1d7 Bf6 33. Rd1 bxc3 34.
bxc3 Qe5 35. R1d5 Qe1+ 36. Ka2 Qxc3 37. Rxb5 Qc4+ 38. Rb3 Qc2+ 39. Rb2 Qxb2#
0-1

[Event "Madrid ch Sub-14 2021"]
[Site "Madrid ESP"]
[Date "2021.04.18"]
[Round "3.1"]
[White "Calvo Gonzalez, Jose Felix"]
[Black "Torres Rebolledo, Victor"]
[Result "0-1"]
[WhiteElo "1884"]
[BlackElo "1862"]
[PlyCount "54"]
[EventDate "2021.04.17"]
[EventType "swiss"]
[EventRounds "5"]
[EventCountry "ESP"]
[SourceTitle "Ajedrez en Madrid"]
[Source "lmi"]
[SourceDate "2021.04.17"]
[SourceVersion "1"]
[SourceVersionDate "2021.04.29"]
[SourceQuality "1"]

1. e4 c5 2. Nf3 d6 3. d4 Nf6 4. Nc3 cxd4 5. Nxd4 g6 6. Be3 Bg7 7. f3 O-O 8. Qd2
Nc6 9. Bc4 Bd7 10. O-O-O Rc8 11. Bb3 Nxd4 12. Bxd4 b5 13. Nd5 Nxd5 14. Bxg7
Kxg7 15. exd5 a5 16. a3 Kg8 17. Rhe1 Rc5 18. Re3 b4 19. axb4 axb4 20. Qxb4 Qa8
21. Rxe7 Rb8 22. Qxc5 dxc5 23. Rxd7 Qa1+ 24. Kd2 Qxb2 25. Ke1 Qe5+ 26. Kf2 Re8
27. Bc4 Qf5 0-1

[Event "Madrid ch Sub-14 2021"]
[Site "Madrid ESP"]
[Date "2021.04.18"]
[Round "3.2"]
[White "Cuadrado Carmona, Javier"]
[Black "Fernandez Rosado, Roberto"]
[Result "1-0"]
[WhiteElo "1806"]
[BlackElo "2074"]
[PlyCount "109"]
[EventDate "2021.04.17"]
[EventType "swiss"]
[EventRounds "5"]
[EventCountry "ESP"]
[SourceTitle "Ajedrez en Madrid"]
[Source "lmi"]
[SourceDate "2021.04.17"]
[SourceVersion "1"]
[SourceVersionDate "2021.04.29"]
[SourceQuality "1"]

1. e4 c6 2. Nc3 d5 3. Nf3 dxe4 4. Nxe4 Nf6 5. Nxf6+ exf6 6. d4 Bd6 7. Bd3 O-O
8. O-O Re8 9. c3 Qc7 10. h3 Nd7 11. Re1 Rxe1+ 12. Qxe1 Nf8 13. Be3 Bd7 14. Qe2
Ng6 15. Qc2 Re8 16. Re1 c5 17. dxc5 Bxc5 18. Bxc5 Rxe1+ 19. Nxe1 Qxc5 20. Bxg6
hxg6 21. Nf3 Qd5 22. Qd2 Qe6 23. b3 Bc6 24. Nd4 Qd5 25. f3 Bd7 26. Qe3 Qe5 27.
Kf2 g5 28. Qe4 Qxe4 29. fxe4 Kf8 30. Nf5 g6 31. Nd6 Bc6 32. Ke3 a6 33. Kd4 Ke7
34. Nc4 f5 35. Nd2 Kf6 36. g3 Ke6 37. c4 f6 38. a4 b6 39. Ke3 Kd6 40. exf5 gxf5
41. Kd4 Ke6 42. c5 b5 43. axb5 axb5 44. b4 g4 45. hxg4 fxg4 46. Nb3 Bf3 47. Ke3
Kd5 48. Nd4 Bh1 49. Nxb5 Kc4 50. Na7 Kd5 51. Kf4 Bf3 52. Kf5 Be2 53. Kxf6 Bf3
54. Ke7 Bg2 55. c6 1-0

[Event "Madrid ch Sub-14 2021"]
[Site "Madrid ESP"]
[Date "2021.04.18"]
[Round "3.3"]
[White "Serrano Ruiz, Miguel"]
[Black "Centeno Mendoza, Julio Stefano"]
[Result "0-1"]
[WhiteElo "1702"]
[BlackElo "2064"]
[PlyCount "122"]
[EventDate "2021.04.17"]
[EventType "swiss"]
[EventRounds "5"]
[EventCountry "ESP"]
[SourceTitle "Ajedrez en Madrid"]
[Source "lmi"]
[SourceDate "2021.04.17"]
[SourceVersion "1"]
[SourceVersionDate "2021.04.29"]
[SourceQuality "1"]

1. e4 e5 2. Nf3 Nc6 3. Bc4 Bc5 4. c3 Nf6 5. d4 exd4 6. cxd4 Bb4+ 7. Nc3 Nxe4 8.
O-O Bxc3 9. bxc3 d5 10. Bd3 Bf5 11. Qc2 O-O 12. Bf4 Re8 13. Rab1 Na5 14. h3 c6
15. Ne5 f6 16. Ng4 Bxg4 17. hxg4 h6 18. f3 Nd6 19. Rfe1 Nac4 20. Bh7+ Kh8 21.
Qg6 Qd7 22. Rxe8+ Rxe8 23. Qd3 Qe6 24. Kf2 b5 25. Rh1 Nf7 26. Bg6 Kg8 27. Bxf7+
Kxf7 28. Qh7 Qe2+ 29. Kg3 Ne3 30. Bxe3 Qxe3 31. Qf5 Qxc3 32. Rd1 a5 33. Qf4 Re2
34. Qc7+ Kg6 35. Qd7 Qc2 36. Rg1 Qxa2 37. Qf5+ Kf7 38. Qd7+ Re7 39. Qxc6 Qc4
40. Qb6 Qc7+ 41. Qxc7 Rxc7 42. Rb1 b4 43. Kf2 Rc4 44. Ra1 b3 45. Rxa5 Rb4 46.
Ra1 Rxd4 47. Ke3 Rb4 48. Rb1 b2 49. Kd3 Ke6 50. Kc3 Rb8 51. Kd4 Kd6 52. Kc3 Kc5
53. Kd3 Rb3+ 54. Kc2 Kc4 55. f4 d4 56. g3 d3+ 57. Kd2 Rb8 58. g5 hxg5 59. fxg5
fxg5 60. g4 g6 61. Kd1 Kc3 0-1

[Event "Madrid ch Sub-14 2021"]
[Site "Madrid ESP"]
[Date "2021.04.18"]
[Round "3.4"]
[White "Garcia Prada, Guillermo"]
[Black "Bravo De La Vega, Alvaro"]
[Result "1/2-1/2"]
[WhiteElo "1767"]
[BlackElo "2011"]
[PlyCount "113"]
[EventDate "2021.04.17"]
[EventType "swiss"]
[EventRounds "5"]
[EventCountry "ESP"]
[SourceTitle "Ajedrez en Madrid"]
[Source "lmi"]
[SourceDate "2021.04.17"]
[SourceVersion "1"]
[SourceVersionDate "2021.04.29"]
[SourceQuality "1"]

1. e4 c5 2. d4 cxd4 3. c3 Nf6 4. e5 Nd5 5. Qxd4 e6 6. Nf3 d6 7. Nbd2 Nc6 8. Qe4
dxe5 9. Nxe5 Nxe5 10. Qxe5 Qd6 11. Qe4 Nf6 12. Qe2 Bd7 13. g3 Bc6 14. Nf3 Nd5
15. Bg2 Be7 16. O-O Bf6 17. Rd1 Rd8 18. Bg5 Bxg5 19. Nxg5 Qe7 20. Nf3 O-O 21.
Rd2 Qf6 22. Nd4 Qg6 23. Nxc6 bxc6 24. Rad1 Qf6 25. c4 Nb4 26. a3 Rxd2 27. Qxd2
Na6 28. Bxc6 e5 29. Bg2 Qf5 30. b4 Nc7 31. Qe3 Ne6 32. Rd5 Qc2 33. Rxe5 Qxc4
34. Bd5 Qc2 35. Bxe6 fxe6 36. Rxe6 Qd1+ 37. Kg2 Qd5+ 38. Kg1 Qd1+ 39. Qe1 Qd7
40. Re7 Qd3 41. Rxa7 Qf3 42. Rd7 Qxa3 43. Rd1 Qf3 44. Rb1 h5 45. h4 g5 46. hxg5
h4 47. Qe6+ Rf7 48. Qe8+ Kh7 49. g6+ Kxg6 50. Qe6+ Kh7 51. Rf1 hxg3 52. Qh3+
Kg8 53. fxg3 Qe3+ 54. Kg2 Qe2+ 55. Kg1 Qe3+ 56. Kg2 Qd2+ 57. Kg1 1/2-1/2

[Event "Madrid ch Sub-14 2021"]
[Site "Madrid ESP"]
[Date "2021.04.18"]
[Round "3.5"]
[White "Ruiz Vazquez, Javier"]
[Black "Horcajuelo Rocamora, Martin"]
[Result "1-0"]
[WhiteElo "1590"]
[BlackElo "1780"]
[PlyCount "97"]
[EventDate "2021.04.17"]
[EventType "swiss"]
[EventRounds "5"]
[EventCountry "ESP"]
[SourceTitle "Ajedrez en Madrid"]
[Source "lmi"]
[SourceDate "2021.04.17"]
[SourceVersion "1"]
[SourceVersionDate "2021.04.29"]
[SourceQuality "1"]

1. e4 c5 2. Nf3 d6 3. d4 cxd4 4. Nxd4 Nf6 5. Nc3 a6 6. Bg5 e6 7. Qd2 Qb6 8.
O-O-O Nbd7 9. f4 Be7 10. h3 h6 11. Bh4 Nxe4 12. Nxe4 Bxh4 13. Nf3 Be7 14. Nxd6+
Bxd6 15. Qxd6 Qxd6 16. Rxd6 Ke7 17. Rd4 b6 18. g3 Bb7 19. Bg2 Rhd8 20. Rhd1 Nf6
21. R1d2 Rxd4 22. Nxd4 Bxg2 23. Rxg2 Ne4 24. g4 g5 25. f5 Kf6 26. fxe6 fxe6 27.
Re2 Ke5 28. Nxe6 Ra7 29. c3 Rf7 30. Nd4 Rf1+ 31. Kc2 Rh1 32. Re3 Rh2+ 33. Ne2
Rh1 34. Rxe4+ Kxe4 35. Ng3+ Kf3 36. Nxh1 Kg2 37. Kd2 Kxh1 38. Ke2 Kg2 39. c4 a5
40. b3 Kxh3 41. Kf3 Kh4 42. a3 h5 43. gxh5 Kxh5 44. b4 Kg6 45. c5 axb4 46. axb4
bxc5 47. b5 c4 48. b6 g4+ 49. Ke2 1-0

[Event "Madrid ch Sub-14 2021"]
[Site "Madrid ESP"]
[Date "2021.04.18"]
[Round "3.7"]
[White "Reyero Castro, Jorge"]
[Black "Lopez Herrero, Israel"]
[Result "0-1"]
[WhiteElo "1520"]
[BlackElo "1540"]
[PlyCount "116"]
[EventDate "2021.04.17"]
[EventType "swiss"]
[EventRounds "5"]
[EventCountry "ESP"]
[SourceTitle "Ajedrez en Madrid"]
[Source "lmi"]
[SourceDate "2021.04.17"]
[SourceVersion "1"]
[SourceVersionDate "2021.04.29"]
[SourceQuality "1"]

1. e4 c5 2. Nf3 d6 3. d4 cxd4 4. Nxd4 Nf6 5. Nc3 a6 6. Be3 e5 7. Nb3 Be7 8. Be2
O-O 9. Qd2 Nbd7 10. g4 Nc5 11. f3 Nxb3 12. axb3 Be6 13. h4 d5 14. exd5 Nxd5 15.
O-O-O Qa5 16. Nb1 Nb4 17. Na3 Rfd8 18. Qe1 Rxd1+ 19. Bxd1 Qc7 20. Kb1 Nd5 21.
Nc4 b5 22. Nd2 Rd8 23. Ne4 Nb4 24. Bg5 f6 25. Bd2 Nc6 26. h5 a5 27. Nc3 b4 28.
Na4 Nd4 29. Be3 Qd6 30. Rh2 Nxb3 31. cxb3 Qxd1+ 32. Qxd1 Rxd1+ 33. Kc2 Rd8 34.
Nb6 f5 35. Rg2 fxg4 36. fxg4 Rf8 37. Nc4 Bxc4 38. bxc4 Kf7 39. Kd3 Ke6 40. Ke4
a4 41. Rc2 a3 42. bxa3 bxa3 43. Ra2 Rb8 44. c5 Rb4+ 45. Kf3 Rb3 46. Ke4 Rb4+
47. Kf3 Rb5 48. Ke4 h6 49. Ra1 Rb4+ 50. Kf3 e4+ 51. Kg3 Rb3 52. Kf2 Rb2+ 53.
Kg3 a2 54. Bd4 Rd2 55. Bxg7 Bxc5 56. Kf4 e3 57. Kf3 Rf2+ 58. Kg3 Bd6+ 0-1